1326 1053 1354 1623 1157 1668 1560 1869 1005 1820 1207 1125 1324 1931 1904 1876 1096 1707 1927 1912 1375 1549 1099 1905 1629 1800 1949 1970 1389 1986 1140 1522 1790 1686 1560 1800 1176 1869 1767 1382 1498 1232 1106 1718 1103 1789 1565 1480 1540 1070 1764 1034 1220 1216 1677 1383 1781 1620 1818 1383 1042 1165 1482 1962 1811 1121 1903 1514 1058 1109 1330 1910 1108 1998 1868 1848 1551 1517 1658 1054 1510 1042 1331 1536 1287 1124 1138 1728 1563 1173 1105 1340 1034 1689 1335 1160 1919 1258 1760 BCNSPRNW ULIB Ver.6.0+V

เปลี่ยนเป็นภาษาไทย

Change to English
 แสดงรายละเอียดบรรณานุกรม
  กลับหน้าหลัก

Brief Record : Get Marc (ISO 2709) : E-mail record : QR code < ปิดหน้าต่าง
LEADER : 00000nam 2200000uu 4500
001    13399108938
003     ULIB
008    110317s2552||||th 000 0 tha d
020    9789746420471
060 04 WA11.JT3^bท228ส 2552
111 2  การสัมมนาผู้รู้เห็นประวัติศาสตร์ระบบสุขภาพไทยสาธารณสุขชุมชน ประวัติศาสตร์และความทรวงจำจากยุคบุกเบิกถึงสิ้นแผนพัฒนาการสาธารณสุขฉบับที่ 5^n(ครั้งที่ 1 :^d2551 :^cกรมวิทยาศาสตร์การแพทย์ กระทรวงสาธารณสุข)
245 10 สาธารณสุขชุมชนประวัติศาสตร์และความทรวงจำจากยุคบุกเบิกถึงสิ้นแผนพัฒนาการสาธารณสุขฉบับที่ 5 :^bรายงานการสัมมนาผู้รู้เห็นประวัติศาสตร์ระบบสุขภาพไทย ครั้งที่ 1 วันศุกร์ที่ 19 เดือนกันยายน 2551 ณ ห้องประชุม 401 อาคาร 8 ชั้น 8 กรมวิทยาศาสตร์การแพย์ กระทรวงสาธารณสุข /^cทวีศักดิ์ เฝือกสม, บรรณาธิการ
246 14 มหกรรมสุขภาพชุมชน 2552
250    พิมพ์ครั้งที่ 1
260    กรุงเทพฯ :^bสแกนด์-มีเดีย คอเผอร์เรชั่น,^c2552
300    110 หน้า :^bภาพประกอบ ;^c30 ซม.
500    ชุดเอกสารประวัติศาสตร์และความทรงจำระบบสุขภาพไทย ส 01,หอจดหมายเหตุและพิพิธภัณฑ์ระบบสุขภาพไทย สำนักวิจัยสังคมและสุขภาพ (สวสส.) กระทรวงสาธารณสุข และ สำนักงานคณะกรรมการสุขภาพแห่งชาติ (สช.)
650  7 การแพทย์^zไทย^xประวัติ
650  7 สาธารณสุข^zไทย^xประวัติ
700 0  ทวีศักดิ์ เฝือกสม,^eบรรณาธิการ
710 2  หอจดหมายเหตุและพิพิธภัณฑ์ระบบสุขภาพไทย
710 2  สำนักงานคณะกรรมการสุขภาพแห่งชาติ
710 2  สำนักวิจัยสังคมและสุขภาพ
945    ^p250^l0^i029184
945    ^p250^l0^i029183
995    ทศพร
999 ^a ใช้งานได้ทุกระบบ
รายการนี้ยังไม่มีแท็ก
คุณยังไม่ได้ล็อกอิน คุณสามารถมีกิจกรรมร่วมกับเว็บไซต์ได้ แต่ต้องล็อกอินก่อน ::
  ล็อกอิน

รายการสื่อสารสนเทศ

ลำดับที่ ประเภท เลขเรียก/บาร์โค้ด สถานที่ สถานะ
- ไม่พบข้อมูล -

BibComment


ยังไม่เคยถูกคอมเมนท์

คอมเมนท์ทรัพยากรรายการนี้
  คอมเมนท์: สาธารณสุขชุมชนประ..


 Copyright 2026. Bcnsprnw @Library